Music Quiz

Random Music or Billboard Quiz
Score 0/50 Timer 06:00
2 Plays Today
% Correct
Time
93.1%
Start
92.5%
Wind
89.9%
Know
89.8%
Shack
89%
You
88%
Pardon
87.4%
Prayer
87.3%
Elevator
86.5%
Heart
86.3%
Criminal
86.1%
Bust
85.9%
There
85.4%
Flame
84%
Emotions
83.3%
Guy
82.5%
Paradise
82.4%
Miss
80.4%
Eyes
80.3%
Jam
79.9%
Toy
78.9%
Dance
78.9%
Lose
78.8%
Straight
77.7%
Much
77%
% Correct
Hangin'
76.6%
Mama
76.6%
Waiting
76.6%
Wild
76.5%
Rain
75.4%
Listen
74.8%
Cry
74.7%
Prerogative
74.1%
Two
72.7%
Movin'
70.5%
Cult
70.2%
Angel
70%
Smile
66%
Living
64.9%
Rush
64.2%
Real
62.7%
Innocence
62.5%
Thing
62.5%
Dinosaur
60.7%
Drove
59.4%
Song
55%
Alive
54.3%
Rock
47.6%
Soldier
41.4%
Armageddon
36.9%

You're not logged in!

Compare scores with friends on all Sporcle quizzes.
OR
Log In

Sporcle TV

Today on Sporcle TV


Watch our educational content, quiz creation guides, and fun videos on Sporcle TV.

Show Comments

Extras

Top Quizzes Today


Score Distribution

Paid Content

Your Account Isn't Verified!

In order to create a playlist on Sporcle, you need to verify the email address you used during registration. Go to your Sporcle Settings to finish the process.

Report this User

Report this user for behavior that violates our Community Guidelines.

Details: